Catálogo

UNDERSTANDING SOCIAL PSYCHOLOGY (Registro nro. 45386)

Detalles MARC
000 -LEADER
fixed length control field 00493nam a2200193 a 4500
001 - CONTROL NUMBER
control field 45386
005 - DATE AND TIME OF LATEST TRANSACTION
control field 20180714024551.0
008 - FIXED-LENGTH DATA ELEMENTS--GENERAL INFORMATION
fixed length control field 140415s1983 000 0 spa d
020 ## - INTERNATIONAL STANDARD BOOK NUMBER
International Standard Book Number 0256028656
041 ## - LANGUAGE CODE
Language code of text/sound track or separate title spa
082 ## - DEWEY DECIMAL CLASSIFICATION NUMBER
Classification number 302
Item number WOR
100 1# - MAIN ENTRY--PERSONAL NAME
Personal name WARCHEL, STEPHEN
245 10 - TITLE STATEMENT
Title UNDERSTANDING SOCIAL PSYCHOLOGY
250 ## - EDITION STATEMENT
Edition statement 3a ed.
260 ## - PUBLICATION, DISTRIBUTION, ETC.
Place of publication, distribution, etc. [s.l.] :
Name of publisher, distributor, etc. THE DORSEY PRESS,
Date of publication, distribution, etc. 1983
300 ## - PHYSICAL DESCRIPTION
Extent 593
650 14 - SUBJECT ADDED ENTRY--TOPICAL TERM
Topical term or geographic name entry element PSICOLOGIA SOCIAL
700 1# - ADDED ENTRY--PERSONAL NAME
Personal name COOPER, JOEL
Relator term coaut.
Existencias
Withdrawn status Lost status Source of classification or shelving scheme Damaged status Not for loan Collection code Home library Current library Shelving location Date acquired Source of acquisition Inventory number Total Checkouts Full call number Barcode Date last seen Price effective from Koha item type Date last checked out
    Dewey Decimal Classification     General Biblioteca Karol Wojtyla Biblioteca Karol Wojtyla Sala general 03/12/2013 Compra 151000000000000000057654   302 WOR 6824 05/01/2026 03/12/2013 Libro  
    Dewey Decimal Classification     General Biblioteca Karol Wojtyla Biblioteca Karol Wojtyla Sala general 03/12/2013 Compra 151000000000000000057655   302 WOR 6825 05/01/2026 03/12/2013 Libro 03/10/2016